000 00445nam a2200133Ia 4500
008 100328s9999 xx 000 0 und d
082 _b53013
100 _aआपटे ह.ना.
245 _aभास कवीच्या नाटककथा
260 _bआर्यभूषण
630 _aभास कवीच्या नाटककथा
730 _aभास कवीच्या नाटककथा
942 _cBOOK
999 _c539859
_d539856